| 000 | 00647nam a2200193 i 4500 | ||
|---|---|---|---|
| 001 | 52134 | ||
| 003 | ES-MaACL | ||
| 005 | 20230906162528.0 | ||
| 007 | t| | ||
| 008 | 030826s1978 sp ||||1| spa d | ||
| 100 | 1 |
_aChristensen, Anne-Lise. _938647 |
|
| 245 | 1 | 3 |
_aEl diagnóstico neuropsicológico de Luria / _cAnne-Lise Christensen ; [traducción, Pablo del Río, Teodoro del Ser, Marta Varela]. |
| 260 |
_a[Madrid] : _bPablo del Río, _c[1978] |
||
| 300 |
_a204 p. : _bil. ; _c24 cm. |
||
| 700 | 1 |
_aRío, Pablo del. _997312 |
|
| 700 | 1 |
_aSer, Teodoro del. _9105513 |
|
| 700 | 1 |
_aVarela, Marta. _9113144 |
|
| 852 |
_aES-MaACL _jA-9775 _bR.98595 |
||
| 999 |
_c52134 _d52134 |
||